000 00948cam a2200265 a 4500
001 000018217
005 20200929165415.0
008 720405s1965 sp 000 f spa d
035 _a(DLC) 67033076
035 _a(OCoLC)276212
040 _aDO-SdBNP
_cOCanW
_dOCoLC
_dCNE
_dDLC
_dBNPHU
042 _apremarc
082 _a864.64
_bB712p
100 1 _aBonet, Juan,
_d1917-
_939441
245 1 3 _aLa prole.
260 _aBarcelona :
_bDestino,
_c1965.
300 _a178 p. ;
_c19 cm.
490 1 _aÁncora y delfín,
_v259
500 _aUna versión revisada y ampliada de la obra escrita originalmente en español y publicado por primera vez en 1951 en el dialecto mallorquín, bajo el título: Els Nins, en una traducción de Miguel Arbona.
650 4 _aEnsayos españoles
_93095
650 4 _aPsicologia infantil
_xEnseñanza
_939442
830 0 _aÁncora y delfín ;
_v254
_94704
910 _aCatalogación por copia / LC
049 _aBNGR
999 _c17738
_d17738